000 00660nam a2200277Ia 4500
005 20260324131220.0
008 008 260324s9999 xx 000 0 eng d
020 _a9780203933114
037 _aEBOOK
040 _aCRL
040 _beng
040 _cCRL
041 _2eng
041 _aeng
084 _qCRL
100 _aChristina Murphy; Byron Stay
_91184664
245 4 _aThe Writing Center Director's Resource Book
260 _bTaylor and Francis
260 _c2006
365 _a
365 _b290
856 _uhttp://www.taylorfrancis.com/books/9780203933114
942 _cEBOOK
999 _c1781619
_d1781619